دہلوی مرثیہ گو / (Record no. 172686)

MARC details
000 -LEADER
fixed length control field 00512nam a22001817a 4500
005 - DATE AND TIME OF LATEST TRANSACTION
control field 20200211111441.0
010 ## - LCCN (DPL NO)
LC control number A-373024
020 ## - INTERNATIONAL STANDARD BOOK NUMBER
Terms of availability 45.00
035 ## - SYSTEM CONTROL NUMBER
System control number A-373024
037 ## - SOURCE OF ACQUISITION
Source of stock number/acquisition BPPD/Pub.
082 ## - DEWEY DECIMAL CLASSIFICATION NUMBER
Classification number 920
100 ## - MAIN ENTRY--PERSONAL NAME
Personal name علی جواد زیدی
245 ## - TITLE STATEMENT
Title دہلوی مرثیہ گو /
Statement of responsibility, etc علی جواد زیدی
246 ## - VARYING FORM OF TITLE
Title proper/short title Dehlvi Marsiyah Go (vol.II) (Urdu) /
Remainder of title by Ali Jawad Zaidi
260 ## - PUBLICATION, DISTRIBUTION, ETC. (IMPRINT)
Place of publication, distribution, etc -
Name of publisher, distributor, etc -
Date of publication, distribution, etc 1987 ء
300 ## - PHYSICAL DESCRIPTION
Extent 312p.
Dimensions 21cm(Hb)
942 ## - ADDED ENTRY ELEMENTS (KOHA)
Source of classification or shelving scheme Dewey Decimal Classification
Item type Urdu Bks
Classification part 920
Call number suffix ز ے د
Holdings
Withdrawn status Lost status Not for loan Collection code Home library Current library Date acquired Source of acquisition Cost, normal purchase price Full call number Barcode Copy number Cost, replacement price Koha item type
      Non-fiction Central Library Central Library 11/02/2020 BPPD/Ven. 45.00 920 ز ے د A-373024 1 45.00 Urdu Bks

© Delhi Public Library
Hit Counter
free hit counter